00391nam a2200181Ia 4500003000400000005001700004006001900021007000300040008004100043024001000084037001200094040002000106041001300126082001300139100002200152245002600174260000900200OSt20220928143544.0a|||||r|||| 00| 0 ta220927b |||||||| |||| 00| 0 eng d a22629 cTextual aSDCLcSDCLbeng 2engaeng aW693, L8 aLeith James A Ed. 0aImages of the commune c1978